I Always Wanted A Brother - Mufasa (The Lion King) - Statistics

General Stats
  • This quiz has been taken 174 times
  • The average score is 322 of 470
Answer Stats
% Correct
a
99%
I
99%
When
95%
brother
93%
brother?
93%
my
92%
My
92%
always
90%
you
90%
You
90%
No
87%
king
83%
king,
83%
other
83%
animal
82%
want
81%
am
80%
did
80%
the
80%
The
80%
say
79%
What
78%
will
78%
He
76%
he
76%
wanted
76%
pride,
75%
pride
75%
that
75%
That
75%
break
74%
on
74%
On
74%
side
74%
side,
74%
stride,
73%
stride
73%
away,
72%
away
72%
this
72%
are
71%
are,
71%
be
71%
your
71%
And
70%
and
70%
go
70%
go!
70%
go?
70%
I'm
70%
Hey
69%
Hey,
69%
(Hey)
69%
our
68%
Our
68%
to
68%
you'll
68%
You'll
68%
Let's
67%
let's
67%
they
67%
They
67%
could
66%
far?
66%
Father
66%
father
66%
out
66%
do
64%
me
64%
mother
64%
one
64%
One
64%
stray
64%
stray,
64%
That's
63%
that's
63%
hide
61%
Hide
61%
Mama
61%
right
61%
Yes,
61%
run
60%
Run
60%
take
60%
where
60%
can't
58%
Those
58%
Watch
58%
way
58%
way?
58%
another
57%
(Another,
57%
another)
57%
birds
57%
she
57%
stay
57%
we
57%
Yeah,
57%
his
56%
late?
56%
Mufasa!
56%
not
56%
season
56%
so
56%
after
55%
didn't
55%
Ha!
55%
Ha
55%
ha!
55%
look
55%
see
55%
down
54%
face
54%
like
54%
of
54%
Taka?
54%
but
53%
tree?
53%
unfold
53%
unfold?
53%
By
52%
from
52%
remember
52%
still
52%
I'll
51%
Just
51%
Okay,
51%
world
51%
'bout
50%
dare
50%
Oh,
50%
paws
50%
us,
49%
as
48%
'Cause
48%
for
48%
jaws
48%
watching
47%
again
46%
may
46%
meet
46%
race
46%
Race
46%
star,
46%
heard
45%
doesn't
44%
If
44%
it's
44%
prey
44%
up
44%
Make
42%
Where'd
42%
brightest
41%
getting
41%
old
41%
told
41%
wish
41%
free
40%
You're
39%
catch
38%
Either
38%
put
38%
they're
38%
them,
37%
cannot
36%
laws
36%
we're
36%
with
36%
looks
35%
controlled
33%
rely
33%
anything
31%
each
31%
Now,
31%
Some
30%
sharp
29%
Soon,
29%
Everyone
28%
sing
28%
things
28%
learn
26%
very
26%
hold
25%
I've
25%
find
24%
Find
24%
got
21%
chase
20%
I'd
18%
wait
14%
Fine,
10%
Ooh!
10%
Hеy,
0%
No matching quizzes found
Score Distribution
Percent of People with Each Score
Percentile by Number Answered
Your Score History
You have not taken this quiz